Oppi (Registo nº 839)

Detalhes MARC
000 -Etiqueta do registo
Cabeçalho 00658nam0a2200253 4500
005 - Identificador da versão
Campo de controlo 20240813121816.0
010 ## - Número internacional normalizado dos livros (ISBN)
Número (ISBN) 9722016792
021 ## - Número do Depósito Legal
Código do país PT
Número 146488/00
100 ## - Dados gerais de processamento
Dados gerais de processamento 20160624d2000 m y0pory5003 ba
102 ## - Pais de publicação ou produção
País de publicação Portugal
101 1# - Língua de publicação
Língua do texto, banda sonora, etc. Português
Língua do documento no original Espanhol
215 ## - Descrição física 
Indicação específica da natureza do documento e extensão da espécie 70, [1] p
200 1# - Titulo e menção de responsabilidade
Título próprio Oppi
Primeira menção de responsabilidade Justo Navarro
225 2# - Colecção 
Título próprio da colecção Minoria absoluta
Indicação de volume 10
205 ## - Menção da edição
Menção da edição 1ª ed
210 ## - Publicação, Distribuição, etc. 
Lugar da edição, distribuição, etc. Lisboa
Nome do editor, distribuidor, etc. Dom Quixote
Data da publicação, distribuição, etc. 2000
606 ## - Nome comum usado como assunto
Número de registo de entrada de autoridade 0002758
Palavra de ordem Literatura espanhola
Subdivisão de assunto Romance
Código do sistema CA
675 ## - Classificação Decimal Universal (CDU)
Notação 821.134.3-31
Edição 3ª ed.
Língua da edição por
700 #1 - Nome de autor-pessoa física (responsabilidade principal)
Número de registo de entrada de autoridade 0003029
Palavra de ordem Navarro
Outra parte do nome não tomada para palavra de ordem Justo
Datas 1953-
966 ## - Identificação da Biblioteca
Sigla EB2,3ENM
942 ## - Elementos de entrada adicionados (Koha)
Tipo de item no Koha Livro
Exemplares
Situação do levantamento Origin of item (home branch) (coded) Biblioteca de empréstimo Código de barras Cota Circulation type (not for loan) Tipo de documento Nota do exemplar Damaged status
  Biblioteca Escolar Eng. Nuno Mergulhão Biblioteca Escolar Eng. Nuno Mergulhão BENM1509 82LE-3 NAV   Livro Sem mensagem